แสดงรายละเอียดบรรณานุกรม
  กลับหน้าหลัก

Brief Record : Get Marc (ISO 2709) : E-mail record : QR code ปิดหน้าต่าง
E-books : เกี่ยวกับ Collections
LEADER 00000nam 2200000uu 4500
008    140515s2011||||th 000 0 eng d
020    ^a9781416045748
041 0  ^aeng
060 04 ^aQT104 H176g 2011
100 1  ^aHall, John E.
245 10 ^aGuyton and Hall textbook of medical physiology /^cJohn E.Hall
246 30 ^aTextbook of medical physiology
250    ^a12th ed.
260    6aPhiladelphia, Pa. :^bSaunders/Elsevier,^cc2011
300    ^axix, 1091 p. :^bill. (chiefly col.) ;^c29 cm.
504    ^aIncludes bibliographical references and index
650  0 ^aHuman physiology
650  0 ^aPhysiology, Pathological
650  2 ^aPhysiological Phenomena
856    ^zIMG_6588.JPG (สารบัญหนังสือ)^uhttp://110.164.94.213/ULIB62015//_fulltext/5/209861/IMG_6588.JPG
856    ^zIMG_6590.JPG (สารบัญหนังสือ)^uhttp://110.164.94.213/ULIB62015//_fulltext/5/209861/IMG_6590.JPG
856    ^zIMG_6591.JPG (สารบัญหนังสือ)^uhttp://110.164.94.213/ULIB62015//_fulltext/5/209861/IMG_6591.JPG
856    ^zIMG_6592.JPG (สารบัญหนังสือ)^uhttp://110.164.94.213/ULIB62015//_fulltext/5/209861/IMG_6592.JPG
856    ^zIMG_6593.JPG (สารบัญหนังสือ)^uhttp://110.164.94.213/ULIB62015//_fulltext/5/209861/IMG_6593.JPG
856    ^zIMG_6594.JPG (สารบัญหนังสือ)^uhttp://110.164.94.213/ULIB62015//_fulltext/5/209861/IMG_6594.JPG
856    ^zIMG_6595.JPG (สารบัญหนังสือ)^uhttp://110.164.94.213/ULIB62015//_fulltext/5/209861/IMG_6595.JPG
856    ^zIMG_6596.JPG (สารบัญหนังสือ)^uhttp://110.164.94.213/ULIB62015//_fulltext/5/209861/IMG_6596.JPG
856    ^zIMG_6597.JPG (สารบัญหนังสือ)^uhttp://110.164.94.213/ULIB62015//_fulltext/5/209861/IMG_6597.JPG
856    ^zIMG_6598.JPG (สารบัญหนังสือ)^uhttp://110.164.94.213/ULIB62015//_fulltext/5/209861/IMG_6598.JPG
856    ^zIMG_6600.JPG (สารบัญหนังสือ)^uhttp://110.164.94.213/ULIB62015//_fulltext/5/209861/IMG_6600.JPG
999    ^aใช้งานได้ทุกระบบ
รายการนี้ยังไม่มีแท็ก
คุณยังไม่ได้ล็อกอิน คุณสามารถมีกิจกรรมร่วมกับเว็บไซต์ได้ แต่ต้องล็อกอินก่อน ::
  ล็อกอิน
ลำดับที่ ประเภท เลขเรียก สถานที่ สถานะ
1.
QT104 H176g 2011  
  
วิทยาศาสตร์สุขภาพ On Shelf
  ขอยืม
Note:ปีงบประมาณ 2557
   [แสดง 1/1 รายการ]

รายการใกล้เคียง
    หัวเรื่อง [Human physiology]
    หัวเรื่อง [Physiology, Pathological]
    หัวเรื่อง [Physiological Phenomena]

BibComment


ยังไม่เคยถูกคอมเมนท์

คอมเมนท์ทรัพยากรรายการนี้
  คอมเมนท์: Guyton and Hall ..
Bib 209861

 
 
 

 Union Library Management : ULibM
Copyright 2026. All Rights Reserved.
скачать бесплатно без регистрации порно красивый секс HD Sex Hindi sex

xxx gou

xxxx

bfxxx

xxxwww

Секса Видео

xxxx

Секса Видео

detube

geilexxx

C99 Shell

worms shell

blod xxx video
Ebony Coed Rihanna Rimes Takes A Dick In Her Young Twat priyaa indian fuck anal and pusssy hardcore indian women xxx desi hardcore fucking part 1 bengalixxxcouple